|
|
|
|
| LEADER |
00000nas a2200000 a 4500 |
| 001 |
ssj0000851903 |
| 003 |
WaSeSS |
| 005 |
20200512172242.0 |
| 006 |
m d |
| 007 |
cr n |
| 008 |
070205d20072017caufr p s 0 a0eng c |
| 010 |
|
|
|a 2007214768
|
| 022 |
|
|
|l 1935-7370
|y 1935-7370
|
| 035 |
|
|
|a (WaSeSS)ssj0000851903
|
| 037 |
|
|
|b Make/Shift Magazine, P.O. Box 2697, Venice, CA 90294
|
| 040 |
|
|
|a NSD
|b eng
|c NSD
|d DLC
|d CUS
|d OCLCQ
|d HUL
|d OCLCQ
|d OCLCF
|d OCLCO
|d CLU
|d WaSeSS
|
| 042 |
|
|
|a pcc
|a nsdp
|
| 050 |
0 |
0 |
|a HQ1101
|b .M34
|
| 082 |
1 |
0 |
|a 305
|2 14
|
| 222 |
|
0 |
|a Make/shift
|
| 245 |
0 |
0 |
|a Make/shift
|h [electronic resource].
|
| 246 |
1 |
3 |
|a Make/shift magazine
|
| 260 |
|
|
|a Venice, CA :
|b Make/Shift Magazine
|
| 310 |
|
|
|a Semiannual
|
| 362 |
1 |
|
|a Began with: Issue no. 1 (spring/summer 2007); ceased with issue no. 20 (summer/fall 2017).
|
| 506 |
|
|
|a License restrictions may limit access.
|
| 588 |
|
|
|a Description based on: Issue no. 2 (fall/winter 2007/2008); title from cover.
|
| 588 |
|
|
|a Latest issue consulted: Issue no. 3 (spring/summer 2008).
|
| 650 |
|
0 |
|a Feminism
|v Periodicals.
|
| 650 |
|
0 |
|a Lesbians
|v Periodicals.
|
| 650 |
|
0 |
|a Transgender people
|v Periodicals.
|
| 650 |
|
7 |
|a Feminism.
|2 fast
|0 (OCoLC)fst00922671
|
| 650 |
|
7 |
|a Lesbians.
|2 fast
|0 (OCoLC)fst00996540
|
| 650 |
|
7 |
|a Transgender people.
|2 fast
|0 (OCoLC)fst01765239
|
| 655 |
|
0 |
|a Electronic journals.
|
| 850 |
|
|
|a DLC
|
| 856 |
4 |
0 |
|z Full text available from Research Library: 04/01/2012 to 07/31/2017
|u https://search.proquest.com/publication/1546337
|